MARC details
| 000 -LEADER |
| campo de control de longitud fija |
03352cam a2200397 i 4500 |
| 001 - NÚMERO DE CONTROL |
| campo de control |
21401369 |
| 003 - IDENTIFICADOR DE NÚMERO DE CONTROL |
| campo de control |
BJBSDDR |
| 005 - FECHA Y HORA DE LA ÚLTIMA TRANSACCIÓN |
| campo de control |
20231124112727.0 |
| 007 - CAMPO FIJO DE DESCRIPCIÓN FÍSICA--INFORMACIÓN GENERAL |
| campo de control de longitud fija |
ta |
| 008 - DATOS DE LONGITUD FIJA--INFORMACIÓN GENERAL |
| campo de control de longitud fija |
200117s2019 sp b 000 0 spa |
| 010 ## - NÚMERO DE CONTROL DE LA BIBLIOTECA DEL CONGRESO |
| Número de control de LC |
2019441967 |
| 020 ## - NÚMERO INTERNACIONAL ESTÁNDAR DEL LIBRO |
| Número Internacional Estándar del Libro |
9788491236542 |
| 035 ## - NÚMERO DE CONTROL DEL SISTEMA |
| Número de control de sistema |
(SP-BaPL)pu200682207 |
| 040 ## - FUENTE DE CATALOGACIÓN |
| Centro catalogador/agencia de origen |
BJBSDDR |
| Lengua de catalogación |
spa |
| Centro/agencia transcriptor |
BJBSDDR |
| Normas de descripción |
rda |
| 041 ## - CÓDIGO DE IDIOMA |
| Código de lengua del texto/banda sonora o título independiente |
spa |
| 042 ## - CÓDIGO DE AUTENTICACIÓN |
| Código de autenticación |
pcc |
| 050 00 - SIGNATURA TOPOGRÁFICA DE LA BIBLIOTECA DEL CONGRESO |
| Número de clasificación |
JC423 |
| Número de ítem |
D383d 2019 |
| 245 03 - MENCIÓN DEL TÍTULO |
| Título |
La democracia herida : |
| Resto del título |
la tormenta perfecta / |
| Mención de responsabilidad, etc. |
Álvaro Soto Carmona (coord.). |
| 260 ## - PUBLICACIÓN, DISTRIBUCIÓN, ETC. |
| Lugar de publicación, distribución, etc. |
Madrid : |
| Nombre del editor, distribuidor, etc. |
Marcial Pons : |
| -- |
Cátedra de Estudios Iberoamericanos Jesús de Polanco, |
| Fecha de publicación, distribución, etc. |
2019. |
| 300 ## - DESCRIPCIÓN FÍSICA |
| Extensión |
455 pages ; |
| Dimensiones |
21 cm. |
| 336 ## - TIPO DE CONTENIDO |
| Término de tipo de contenido |
text |
| Código de tipo de contenido |
txt |
| Fuente |
rdacontent |
| 337 ## - TIPO DE MEDIO |
| Nombre/término del tipo de medio |
unmediated |
| Código del tipo de medio |
n |
| Fuente |
rdamedia |
| 338 ## - TIPO DE SOPORTE |
| Nombre/término del tipo de soporte |
volume |
| Código del tipo de soporte |
nc |
| Fuente |
rdacarrier |
| 440 ## - MENCIÓN DE SERIE/PUNTO DE ACCESO ADICIONAL--TÍTULO |
| Título |
Biblioteca de gobernanza y derechos humanos ; |
| 9 (RLIN) |
33195 |
| Designación de volumen o secuencia |
no.5 |
| 504 ## - NOTA DE BIBLIOGRAFÍA, ETC. |
| Nota de bibliografía, etc. |
Includes bibliographical references. |
| 520 ## - RESUMEN, ETC. |
| Sumario, etc. |
El ciclo político de expansión democrática abierto en 1974 viene mostrando síntomas de agotamiento en los últimos años. Desde comienzos del nuevo milenio han ido apareciendo problemas políticos que se han complicado con la crisis económica y financiera iniciada en el segundo lustro del siglo. La crisis ha tenido un efecto multiplicador de las deficiencias políticas, muy condicionadas por los cambios culturales habidos en las nuevas generaciones. Estamos ante una aceleración del «tiempo histórico». Asistimos a un cuestionamiento de las «verdades» existentes, entre ellas la propia democracia representativa, el funcionamiento del sistema económico, las instituciones, avanzando hacia el unilateralismo, el proteccionismo e incrementándose los egoísmos nacionalistas.<br/>Hemos entrado en un ciclo político distinto, resultado de una crisis de «raíces culturales», mucho más intensa y aguda de lo que inicialmente se pudo pensar. A ello se han incorporado formas de protesta diferentes y distintos tipos de acciones colectivas que han roto con los modelos habituales a los que se había acostumbrado la sociedad y que son síntomas de los cambios de valores que se están produciendo. Estaríamos asistiendo a una especie de «tormenta perfecta». Los asuntos que trata este libro tienen una alta volatilidad. Durante la elaboración del mismo fueron surgiendo acontecimientos importantes que obligaron a una revisión de los textos. Ello condiciona su lectura. Los autores forman parte de un conjunto de disciplinas que provienen de las Ciencias Sociales (politólogos y sociólogos) o de las Humanidades (historiadores), pero que tienen un punto de encuentro en la Historia del Tiempo Presente, donde la colaboración entre materias es imprescindible para avanzar en el conocimiento. Abordar el pasado, analizando acontecimientos cercanos en los que las generaciones protagonistas están presentes, es un reto, y más cuando dichos procesos históricos no están concluidos. Es el caso que nos ocupa. |
| 650 #0 - PUNTO DE ACCESO ADICIONAL DE MATERIA--TÉRMINO DE MATERIA |
| Término de materia o nombre geográfico como elemento de entrada |
Democracy. |
| 650 #0 - PUNTO DE ACCESO ADICIONAL DE MATERIA--TÉRMINO DE MATERIA |
| Término de materia o nombre geográfico como elemento de entrada |
World politics. |
| 650 #0 - PUNTO DE ACCESO ADICIONAL DE MATERIA--TÉRMINO DE MATERIA |
| Término de materia o nombre geográfico como elemento de entrada |
Financial crises. |
| 700 1# - ENTRADA AGREGADA--NOMBRE PERSONAL |
| Nombre de persona |
Soto Carmona, Álvaro. |
| 9 (RLIN) |
33196 |
| Término indicativo de función/relación |
Coordinador. |
| 856 42 - LOCALIZACIÓN Y ACCESO ELECTRÓNICOS |
| Identificador Uniforme de Recursos |
<a href="http://www.puvill.com/toc/9788491236542.pdf">http://www.puvill.com/toc/9788491236542.pdf</a> |
| Nota pública |
Table of contents |
| 906 ## - ELEMENTOS DE DATOS F LOCAL, LDF (RLIN) |
| a |
7 |
| b |
cbc |
| c |
origres |
| d |
2 |
| e |
ncip |
| f |
20 |
| g |
y-gencatlg |
| 942 ## - ELEMENTOS DE ENTRADA SECUNDARIOS (KOHA) |
| Fuente del sistema de clasificación o colocación |
Clasificación de Library of Congress |
| Suprimir en OPAC |
No |
| Tipo de ítem Koha |
Libro |
| 946 ## - PROCESAMIENTO DE INFORMACIÓN LOCAL (OCLC) |
| Iniciales del agente catalogador |
rmza |